| 000 | 02224nam a2200313 i 4500 | ||
|---|---|---|---|
| 003 | DO-SdBNP | ||
| 005 | 20251014162908.0 | ||
| 007 | ta | ||
| 008 | 250403b2024 dr ||||| |||| 00| 0 spa d | ||
| 020 | _a9789945654561 | ||
| 040 |
_aDO-SdBNP _bspa _cBNPHU _erda |
||
| 041 | _aspa | ||
| 082 | 4 |
_a863.44 _bA162b _222 |
|
| 100 |
_aAbréu Fernández, César Arturo, _d1940- _eautor _4aut. _961607 |
||
| 245 | 1 | 0 |
_aBarbarie y resistencia en el paraíso / _cCésar Arturo Abréu Fernández. |
| 250 | _aPrimera edición | ||
| 264 | 1 |
_aSanto Domingo, República Dominicana : _bEditora Santuario, _c2024. |
|
| 300 |
_a223 páginas ; _c23 cm. |
||
| 336 |
_atexto _btxt _2rdacontent |
||
| 337 |
_asin mediación _bn _2rdamedia |
||
| 338 |
_avolumen _bnc _2rdacarrier |
||
| 500 | _aIncluye datos biográficos del autor en las solapas | ||
| 505 | _a1. Cacicazgo de Marién - Finales de 1492- La profecía, 11.-- 2. La navidad, 14.-- 3. El viaje, 18.-- 4. El golfo de las flechas, 24.-- 5. Hacia España, 29.-- 6. Palos de Moguer, 34.-- 7. El bautismo, 38.-- 8. Barcelona, 45.-- 9. La despedida, 49.-- 10. El retorno, 53.-- 11. Primera misa, 59.-- 12. El fuerte de la Concepción de La Vega, 63.-- 13. El Santo Cerro, 70.-- 14. Batalla de La Vega Real, 77.-- 15. Revelación, 83.-- 16. Valladolid-España, 88.-- 17. Fray Ramón Pané, 93.-- 18. La Vega-Bartolomé Colón- Las leyendas, 98.-- 19. ¿Esclavos?, 103.-- 20. El encuentro, 108.-- 21. Compromiso y atrocidades, 113.-- 22. Francisco Bobadilla-El castillo Alba de Tormes, 119.-- 23. Mientras… en La Española, 124.-- 24. La propuesta, 128.-- 25. Navidad en Alba de Tormes, 134.-- 26. Espera, desespera e indecisión, 139.-- 27. Matrimonio, 144.-- 28. La Nueva Isabela, 151.-- 29. Desilusión, 156.-- 30. Juicio a Colón, 162.-- 31. Haina, 168.-- 32. El buhiti, 174.-- 33. Guarionex, 179.-- 34. Esperanzas, 185.-- 35. El vaticinio, 190.-- 36. Temeraria propuesta, 195.-- 37. Tradiciones, 200.-- 38. Cotubanamá, 205.-- 39. Jaragua, 210.-- 40. El futuro, 215.-- 41. Epílogo, 222. | ||
| 590 | _aInventariado, 2025/BT | ||
| 650 | 4 |
_aCuentos dominicanos _9176 |
|
| 650 | 0 |
_aLiteratura dominicana. _967 |
|
| 910 | _aBtavárez. Validado control de calidad/ MAA | ||
| 942 |
_2ddc _cLBS1 |
||
| 999 |
_c58348 _d58348 |
||